La contraloría del sector público y la institucionalidad autónoma de Costa Rica /
Guardat en:
| Autor corporatiu: | |
|---|---|
| Format: | Desconegut |
| Idioma: | Spanish |
| Publicat: |
San José:
ICAP
1978
|
| Etiquetes: |
Afegir etiqueta
Sense etiquetes, Sigues el primer a etiquetar aquest registre!
|
MARC
| LEADER | 00000 a2200000 04500 | ||
|---|---|---|---|
| 001 | 15740 | ||
| 003 | cru CIDCACS/IIS | ||
| 005 | 20230919151151.0 | ||
| 008 | 991231s1978 cr 000 0 spa d | ||
| 020 | |a [sin ISBN] | ||
| 040 | |a cru CIDCACS/IIS |b español |c cru CIDCACS/IIS | ||
| 090 | |a 04.03.04 Ch539t | ||
| 110 | |a Instituto Centroamericano de Administración Pública | ||
| 245 | |a La contraloría del sector público y la institucionalidad autónoma de Costa Rica / |c Rafael A. Chinchilla Fallas | ||
| 260 | |a San José: |b ICAP |c 1978 | ||
| 300 | |a páginas 93-122 | ||
| 500 | |a Colección Centroamérica | ||
| 650 | 0 | 7 | |0 TESAUROS |
| 773 | 0 | |g páginas 93-122 | |
| 773 | 0 | |0 44067 |9 6548 |a Instituto Centroamericano de Administración Pública |d San José: ICAP |o 21403 |t Temas sobre institucionalidad autónoma en Costa Rica / |w (cru IIS)15737 |z [sin ISBN] | |
| 852 | 1 | 1 | |a 04.03.04 Ch539t |
| 942 | |2 z |c LI |h 04.03.04 Ch539t |k 04.03.04 |m Ch539t |i 21403 |6 040304_CH539T_21403 | ||
| 999 | |c 13098 |d 13098 | ||
